000 00738cam a22002531 4500
999 _c22388
_d22388
001 7507777
003 BDDh-ASL
005 20231015030127.0
008 741115s1963 xx 000 0 eng
010 _a 63002419
015 _aGB63-4211
035 _a(OCoLC)1077615
040 _aDLC
_cPBm
_dUk
_dDLC
_dBDDh-ASL
050 0 0 _aDS478
_b.G97
082 _a954.2
_bPRN
100 1 _aGupta, Pratulacandra,
_d1910-
245 1 0 _aNana Sahib and the rising at Cawnpore /
260 _aOxford :
_bClarendon Press,
_c1963.
300 _a227 p. :
_billus. ;
_c23 cm.
600 0 0 _aNana Sahib,
_d1820?-1859?
651 0 _aKānpur (India)
_xHistory
_ySiege, 1857.
906 _a7
_bcbc
_coclcrpl
_du
_encip
_f19
_gy-gencatlg
942 _2ddc
_cBK